000 01252cam a2200313 a 4500
001 12143200
003 OSt
005 20230606111508.0
008 990809s1999 enk 100 0 eng d
010 _a 00344677
020 _a1859415237
040 _aUKM
_cLUI
_dDLC
043 _ae-uk---
_ab------
050 0 0 _aKD4210
_b.P365 1999
082 _a342.044
_bHAT
245 0 0 _aParliamentary supremacy and judicial independence :
_ba Commonwealth approach : proceedings of the Latimer House Joint Colloquium, June 1998 /
_cedited by John Hatchard and Peter Slinn.
260 _aLondon :
_bCavendish Pub.,
_c1999.
300 _ax, 172 p. ;
_c24 cm.
610 1 0 _aGreat Britain.
_bParliament
_vCongresses.
650 0 _aLegislative power
_zGreat Britain
_vCongresses.
650 0 _aJudicial power
_zGreat Britain
_vCongresses.
650 0 _aConstitutional history
_zCommonwealth countries
_vCongresses.
700 1 _aHatchard, John.
700 1 _aSlinn, Peter.
856 4 2 _3Publisher description
_uhttp://www.loc.gov/catdir/description/cav031/00344677.html
906 _a7
_bcbc
_corignew
_d2
_encip
_f20
_gy-gencatlg
942 _2ddc
_cBK
999 _c596
_d596